000 00958nam a2200253Ia 4500
003 OSt
005 20221005112445.0
006 a|||||r|||| 00| 0
007 ta
008 221004b |||||||| |||| 00| 0 pan d
020 _a9789352042227 (hbk)
_cINR 295.00
024 _a33135
037 _b794, 06/03/2017, H.K. Prakashan
_cTextual
040 _aCRL
_cCRL
_bpan
041 _2pan
_apan
082 _aO153,1:g, Q6
100 _aਧਨਾਨਸੂ, ਜਸਵਿੰਦਰ, ਂਚ.
245 0 _aਸਮਕਾਲੀ ਪੰਜਾਬੀ ਕਵਿਤਾ
_b ਸਰੋਕਾਰ ਤੇ ਸਮਾਲੋਚਨਾ
260 _aਚੰਡੀਗੜ
_bਲੋਕਗੀਤ ਪ੍ਰਕਾFਨ ਭਾਰਤ
_c2016
300 _a128ਪ੍ਰ0
_ccm.
650 _a ਪੰਜਾਬੀ ਕਾਵਿ
942 _hO153,1:g, Q6
_cTEXL
_2cc
999 _c1024953
_d1024953